[Event "10. Rusia tch 2009 femenino"]
[Site "Dagomys RUS"]
[Date "2009.04.04"]
[Round "3.32"]
[White "Zhukova, Natalia"]
[Black "Gaponenko, Inna"]
[Result "1-0"]
[WhiteElo "2461"]
[BlackElo "2428"]
[PlyCount "71"]
[EventDate "2009.04.02"]
[EventType "team"]
[EventRounds "7"]
[EventCountry "RUS"]
[Source "lmi"]
[SourceDate "2009.04.04"]

1. d4 Nf6 2. c4 g6 3. Nc3 d5 4. e3 Bg7 5. b4 dxc4 6. Bxc4 O-O 7. Nf3 Bg4 8. O-O
e5 9. Be2 exd4 10. Nxd4 Bxe2 11. Qxe2 Nbd7 12. a4 c6 13. Ba3 Re8 14. Rfd1 Qc7
15. Rac1 Rad8 16. h3 Nf8 17. Qc4 a6 18. b5 axb5 19. axb5 Ne6 20. Nce2 Nxd4 21.
Nxd4 Ne4 22. bxc6 Bxd4 23. Rxd4 Rxd4 24. Qxd4 bxc6 25. Bb2 Kf8 26. f3 Ng3 27.
Qg7+ Ke7 28. Qf6+ Kf8 29. Qh8+ Ke7 30. Qf6+ Kf8 31. Rxc6 Ne2+ 32. Kf1 Ng3+ 33.
Kg1 Ne2+ 34. Kf1 Ng3+ 35. Kf2 Nh1+ 36. Kg1 1-0

[Event "10. Rusia tch 2009 femenino"]
[Site "Dagomys RUS"]
[Date "2009.04.04"]
[Round "3.33"]
[White "Gunina, Valentina"]
[Black "Turova, Irina"]
[Result "1-0"]
[WhiteElo "2411"]
[BlackElo "2396"]
[PlyCount "123"]
[EventDate "2009.04.02"]
[EventType "team"]
[EventRounds "7"]
[EventCountry "RUS"]
[Source "lmi"]
[SourceDate "2009.04.04"]

1. Nf3 Nf6 2. c4 e6 3. g3 a6 4. Bg2 b5 5. b3 c5 6. O-O Bb7 7. d3 Be7 8. e4 d6
9. Bb2 O-O 10. Nbd2 Nc6 11. Qe2 Nd7 12. d4 cxd4 13. Nxd4 Qb6 14. Nxc6 Bxc6 15.
Rfd1 Bf6 16. Rab1 Rfd8 17. Ba3 Nc5 18. Nf1 bxc4 19. bxc4 Qc7 20. Qe3 Na4 21.
Rb3 Be7 22. Qf4 Rd7 23. Rbd3 Rad8 24. Ne3 Qa5 25. Qg4 h5 26. Qe2 Nc3 27. Qd2
Qxa3 28. Rxc3 Qa5 29. Rd3 Qc5 30. h4 a5 31. Kh2 a4 32. f4 Rb8 33. f5 Qe5 34.
Rd4 Bxh4 35. Qf2 Bg5 36. c5 Qxc5 37. fxe6 fxe6 38. Bh3 Qe5 39. Nc4 Rf7 40. Qg2
Qf6 41. Rxd6 Bb5 42. Bxe6 Qxe6 43. Rxe6 Bxc4 44. Rc6 Bb5 45. Rc5 Be3 46. Rf5
Bc4 47. Qc2 Be6 48. Rxf7 Bxf7 49. Rd7 Rf8 50. Qc7 a3 51. Rd8 Bc5 52. Rd7 Be3
53. e5 Bh6 54. Rd8 Bxa2 55. Qd6 Rxd8 56. Qxd8+ Kf7 57. Qd7+ Kg6 58. e6 Bc1 59.
e7 Bf7 60. e8=Q Bxe8 61. Qxe8+ Kg5 62. Qb5+ 1-0

[Event "10. Rusia tch 2009 femenino"]
[Site "Dagomys RUS"]
[Date "2009.04.05"]
[Round "4.24"]
[White "Romanko, Marina"]
[Black "Demina, Julia"]
[Result "1-0"]
[WhiteElo "2466"]
[BlackElo "2375"]
[PlyCount "89"]
[EventDate "2009.04.02"]
[EventType "team"]
[EventRounds "7"]
[EventCountry "RUS"]
[Source "lmi"]
[SourceDate "2009.04.04"]

1. d4 d5 2. Nf3 Nf6 3. e3 e6 4. c4 Be7 5. b3 O-O 6. Bd3 b6 7. O-O Bb7 8. Bb2 c5
9. Nbd2 Nc6 10. Rc1 Rc8 11. Qe2 cxd4 12. exd4 Re8 13. Rfd1 Bf8 14. a3 g6 15. c5
Nh5 16. Bb5 f6 17. b4 Nf4 18. Qf1 Rc7 19. Rc2 bxc5 20. dxc5 Qe7 21. Nb3 Rb8 22.
Bc1 g5 23. g3 Ng6 24. Be2 Nge5 25. Nxe5 Nxe5 26. b5 d4 27. c6 Bxc6 28. Nxd4 Ba8
29. Rxc7 Qxc7 30. h3 Bd5 31. Kh2 Bc5 32. f4 gxf4 33. Qxf4 Rf8 34. a4 Bd6 35.
Qf2 f5 36. Bf4 Ng6 37. Nxe6 Bxe6 38. Bxd6 Qc2 39. Bxf8 Nxf8 40. a5 Nd7 41. Qe3
Kf7 42. Rd2 Qc7 43. b6 axb6 44. axb6 Nxb6 45. Bh5+ 1-0

[Event "10. Rusia tch 2009 femenino"]
[Site "Dagomys RUS"]
[Date "2009.04.05"]
[Round "4.31"]
[White "Grabuzova, Tatiana"]
[Black "Matveeva, Svetlana"]
[Result "1/2-1/2"]
[WhiteElo "2348"]
[BlackElo "2410"]
[PlyCount "28"]
[EventDate "2009.04.02"]
[EventType "team"]
[EventRounds "7"]
[EventCountry "RUS"]
[Source "lmi"]
[SourceDate "2009.04.04"]

1. d4 d5 2. c4 dxc4 3. e3 e6 4. Bxc4 c5 5. Nf3 a6 6. Bb3 Nf6 7. O-O Be7 8. dxc5
Qxd1 9. Bxd1 Bxc5 10. b3 Nbd7 11. Bb2 b6 12. Ne5 Nxe5 13. Bxe5 Bb7 14. Nd2 Nd7
1/2-1/2

[Event "10. Rusia tch 2009 femenino"]
[Site "Dagomys RUS"]
[Date "2009.04.05"]
[Round "4.32"]
[White "Gaponenko, Inna"]
[Black "Zdebskaja, Natalia"]
[Result "1/2-1/2"]
[WhiteElo "2428"]
[BlackElo "2438"]
[PlyCount "35"]
[EventDate "2009.04.02"]
[EventType "team"]
[EventRounds "7"]
[EventCountry "RUS"]
[Source "lmi"]
[SourceDate "2009.04.04"]

1. e4 c6 2. d4 d5 3. Nc3 dxe4 4. Nxe4 Nd7 5. Ng5 Ngf6 6. Bd3 e6 7. N1f3 Bd6 8.
Qe2 h6 9. Ne4 Nxe4 10. Qxe4 Qc7 11. O-O b6 12. Qg4 Kf8 13. Re1 c5 14. Qh4 Be7
15. Qf4 Bd6 16. Ne5 Nxe5 17. dxe5 Be7 18. Be4 1/2-1/2

[Event "10. Rusia tch 2009 femenino"]
[Site "Dagomys RUS"]
[Date "2009.04.05"]
[Round "4.41"]
[White "Molchanova, Tatjana"]
[Black "Zhao, Xue"]
[Result "0-1"]
[WhiteElo "2321"]
[BlackElo "2531"]
[PlyCount "134"]
[EventDate "2009.04.02"]
[EventType "team"]
[EventRounds "7"]
[EventCountry "RUS"]
[Source "lmi"]
[SourceDate "2009.04.04"]

1. d4 Nf6 2. Nf3 e6 3. c4 b6 4. g3 Ba6 5. Qc2 Bb7 6. Bg2 Bb4+ 7. Bd2 c5 8. dxc5
Bxc5 9. O-O Be7 10. Nc3 Qc8 11. b3 O-O 12. a3 Na6 13. Qb2 Nc5 14. Rac1 Nce4 15.
Nxe4 Bxe4 16. Bc3 Qb7 17. Rfd1 Rfd8 18. Be5 d6 19. Bc3 a6 20. Ne1 Bxg2 21. Nxg2
b5 22. Ne3 Rab8 23. b4 Rbc8 24. Bxf6 Bxf6 25. Qb3 Bg5 26. cxb5 axb5 27. h4 Be7
28. Qb1 d5 29. Rxc8 Rxc8 30. Rc1 Ra8 31. Qd3 h5 32. Nf1 Qa6 33. Rc3 g6 34. Nd2
Bf6 35. Rc7 Qxa3 36. Rc8+ Kg7 37. Rxa8 Qxa8 38. Qxb5 Qa1+ 39. Kg2 Qb2 40. Nf3
Be7 41. Qb7 Qxb4 42. Qxb4 Bxb4 43. Ne5 Bd6 44. Nd3 e5 45. f3 e4 46. fxe4 dxe4
47. Nf2 f5 48. Nh3 Kf6 49. Kf2 Ke6 50. Ng5+ Kd5 51. Nf7 Be5 52. Ng5 Kc4 53. Ne6
Bd6 54. Ng5 Bc5+ 55. Kf1 Kd5 56. Kg2 Bd4 57. Kf1 Kd6 58. Kg2 Ke7 59. Kf1 Be3
60. Nh3 Ke6 61. Nf4+ Bxf4 62. gxf4 Kd5 63. Kg2 Kc4 64. Kg3 Kc3 65. Kg2 Kc2 66.
Kg1 Kd1 67. Kf1 e3 0-1

[Event "10. Rusia tch 2009 femenino"]
[Site "Dagomys RUS"]
[Date "2009.04.05"]
[Round "4.44"]
[White "Kursova, Maria"]
[Black "Akatova, Ekaterina"]
[Result "1-0"]
[WhiteElo "2285"]
[BlackElo "2280"]
[PlyCount "91"]
[EventDate "2009.04.02"]
[EventType "team"]
[EventRounds "7"]
[EventCountry "RUS"]
[Source "lmi"]
[SourceDate "2009.04.04"]

1. d4 Nf6 2. Nf3 g6 3. c4 Bg7 4. g3 O-O 5. Bg2 d6 6. O-O c6 7. Nc3 Bf5 8. Ne1
Be6 9. b3 d5 10. cxd5 Nxd5 11. Ne4 Na6 12. Bb2 Qb6 13. e3 Rfd8 14. Nd3 Ndb4 15.
Nf4 c5 16. a3 Nc6 17. Nxe6 fxe6 18. Qg4 Qxb3 19. Rab1 Qa2 20. Ng5 Rd6 21. Be4
cxd4 22. exd4 Nc7 23. Qh4 h6 24. Bxg6 Qd5 25. Nf7 Nxd4 26. Bxd4 Qxd4 27. Nxd6
Qxd6 28. Rxb7 Nd5 29. a4 Rf8 30. Be4 Nc3 31. Bg2 Rf7 32. Qb4 Qd2 33. Rb8+ Bf8
34. Qg4+ Kh8 35. Qxe6 Kg7 36. Qg4+ Kh8 37. h4 Rf6 38. Rc8 a5 39. Kh2 Ne2 40.
Qc4 Nd4 41. Qd5 Qb2 42. Qxa5 Qe2 43. Qc3 e5 44. Qe3 Nf3+ 45. Kh1 Qa6 46. Rfc1
1-0

[Event "10. Rusia tch 2009 femenino"]
[Site "Dagomys RUS"]
[Date "2009.04.07"]
[Round "5.13"]
[White "Kovanova, Baira"]
[Black "Kosintseva, Nadezhda"]
[Result "1-0"]
[WhiteElo "2398"]
[BlackElo "2491"]
[PlyCount "77"]
[EventDate "2009.04.02"]
[EventType "team"]
[EventRounds "7"]
[EventCountry "RUS"]
[Source "lmi"]
[SourceDate "2009.04.04"]

1. e4 e5 2. Nf3 Nc6 3. Bb5 a6 4. Ba4 Nf6 5. d3 d6 6. c4 Be7 7. h3 O-O 8. O-O
Nb8 9. Nc3 c6 10. d4 Nbd7 11. Bc2 b5 12. cxb5 axb5 13. Be3 Ba6 14. Ne2 c5 15.
dxc5 dxc5 16. Ng3 Re8 17. Nf5 Bf8 18. N3h4 Bb7 19. Qf3 Ra6 20. Rad1 Qc7 21. a3
c4 22. Qg3 Kh8 23. f3 Nc5 24. Rd2 Ne6 25. Rfd1 b4 26. axb4 Bxb4 27. Rd5 Nxd5
28. exd5 Bc5 29. dxe6 fxe6 30. Bxc5 Qxc5+ 31. Kh2 exf5 32. Rd7 Qf8 33. Rxb7 e4
34. fxe4 fxe4 35. Bd1 Qd6 36. Be2 g6 37. Bxc4 Rb6 38. Rxb6 Qxb6 39. Qc3+ 1-0

[Event "10. Rusia tch 2009 femenino"]
[Site "Dagomys RUS"]
[Date "2009.04.07"]
[Round "5.23"]
[White "Gunina, Valentina"]
[Black "Bronnikova, Elizaveta"]
[Result "1-0"]
[WhiteElo "2411"]
[BlackElo "2297"]
[PlyCount "83"]
[EventDate "2009.04.02"]
[EventType "team"]
[EventRounds "7"]
[EventCountry "RUS"]
[Source "lmi"]
[SourceDate "2009.04.04"]

1. d4 Nf6 2. c4 g6 3. Nc3 Bg7 4. e4 d6 5. f3 O-O 6. Be3 a6 7. Qd2 Nc6 8. Nge2
Rb8 9. Nc1 e5 10. d5 Nd4 11. Nb3 Nxb3 12. axb3 c5 13. g4 h5 14. h3 Nh7 15. gxh5
Qh4+ 16. Qf2 Qxh5 17. Be2 f5 18. Bd2 Bf6 19. h4 f4 20. b4 b6 21. Na4 g5 22. Qg2
Rf7 23. hxg5 Qxg5 24. Qxg5+ Nxg5 25. bxc5 bxc5 26. b4 cxb4 27. c5 dxc5 28. Nxc5
Be7 29. Nd3 Bd6 30. Rh6 Bf8 31. Rh5 Rg7 32. Nxe5 b3 33. O-O-O Bd6 34. Nc6 Rb6
35. Bc3 Nf7 36. Bxg7 Kxg7 37. e5 Ba3+ 38. Kb1 Kg6 39. Rhh1 Bd7 40. Rdg1+ Ng5
41. Bd3+ Bf5 42. Bxf5+ 1-0

[Event "10. Rusia tch 2009 femenino"]
[Site "Dagomys RUS"]
[Date "2009.04.07"]
[Round "5.24"]
[White "Akatova, Ekaterina"]
[Black "Girya, Olga"]
[Result "0-1"]
[WhiteElo "2280"]
[BlackElo "2335"]
[PlyCount "136"]
[EventDate "2009.04.02"]
[EventType "team"]
[EventRounds "7"]
[EventCountry "RUS"]
[Source "lmi"]
[SourceDate "2009.04.04"]

1. e4 c5 2. Nf3 e6 3. d4 cxd4 4. Nxd4 a6 5. Bd3 Bc5 6. Nb3 Ba7 7. c4 Nc6 8. Nc3
d6 9. O-O Nf6 10. Qe2 O-O 11. Kh1 Ne5 12. Bg5 h6 13. Bh4 Ng6 14. Bg3 e5 15. Nd5
Nxd5 16. cxd5 Qg5 17. Na5 Rb8 18. Nc4 Bc5 19. Rac1 Nf4 20. Qd2 Nxd3 21. Qxd3 f5
22. f3 b5 23. Nd2 Qe7 24. Bf2 Bxf2 25. Rxf2 Qa7 26. Rff1 Bd7 27. Rc2 b4 28.
Rfc1 Bb5 29. Nc4 fxe4 30. Qxe4 Rf4 31. Qg6 Rf6 32. Qg4 Bd7 33. Qg3 Bf5 34. Rd2
Rc8 35. b3 a5 36. Qe1 Rc5 37. Rcd1 Qc7 38. Re2 Rf8 39. f4 Bg4 40. fxe5 Bxe2 41.
exd6 Qf7 42. Qxe2 Rxd5 43. Re1 Rf5 44. h3 Rf1+ 45. Rxf1 Qxf1+ 46. Qxf1 Rxf1+
47. Kh2 Rd1 48. Nxa5 Rxd6 49. Nc4 Ra6 50. Nb2 Rd6 51. Nc4 Rd3 52. a3 bxa3 53.
Nxa3 Rxb3 54. Nc4 Kf7 55. Nd2 Ra3 56. Ne4 Ke6 57. Ng3 Ke5 58. Ne2 Ra2 59. Ng1
Kf4 60. Nf3 Rf2 61. Nd4 Ke3 62. Ne6 g6 63. Kg3 Rf6 64. Nc7 Rd6 65. Ne8 Rc6 66.
h4 h5 67. Kh3 Kf4 68. g3+ Ke5 0-1

[Event "10. Rusia tch 2009 femenino"]
[Site "Dagomys RUS"]
[Date "2009.04.07"]
[Round "5.31"]
[White "Xu, Yuhua"]
[Black "Grabuzova, Tatiana"]
[Result "1/2-1/2"]
[WhiteElo "2479"]
[BlackElo "2348"]
[PlyCount "109"]
[EventDate "2009.04.02"]
[EventType "team"]
[EventRounds "7"]
[EventCountry "RUS"]
[Source "lmi"]
[SourceDate "2009.04.04"]

1. e4 c6 2. d4 d5 3. Nd2 dxe4 4. Nxe4 Bf5 5. Ng3 Bg6 6. h4 h6 7. Nf3 Nd7 8. h5
Bh7 9. Bd3 Bxd3 10. Qxd3 e6 11. Bd2 Ngf6 12. O-O-O Qc7 13. Ne4 O-O-O 14. g3
Nxe4 15. Qxe4 Nf6 16. Qe2 Bd6 17. Kb1 Rhe8 18. Ne5 c5 19. Rh4 Bxe5 20. dxe5 Nd7
21. f4 Nb8 22. Rhh1 Nc6 23. Be3 Ne7 24. Qf2 Rxd1+ 25. Rxd1 Rd8 26. Rxd8+ Qxd8
27. Qf3 Qa5 28. a3 Nf5 29. Bf2 Qb5 30. Qd1 b6 31. g4 Ne7 32. Bh4 Nd5 33. Qf3
Qc4 34. f5 Qf4 35. Qxf4 Nxf4 36. f6 g5 37. Bg3 Nd5 38. Bf2 c4 39. Bd4 Kb7 40.
b3 cxb3 41. c4 Nf4 42. Kb2 Nd3+ 43. Kxb3 Ne1 44. Bc3 Nd3 45. Bd4 Kc6 46. Kc3
Nc5 47. Be3 Nd7 48. Kd4 b5 49. cxb5+ Kxb5 50. Bd2 a5 51. Bc1 Ka4 52. Bd2 Kb5
53. Bc1 Ka4 54. Bd2 Kb5 55. Ke4 1/2-1/2

[Event "10. Rusia tch 2009 femenino"]
[Site "Dagomys RUS"]
[Date "2009.04.07"]
[Round "5.34"]
[White "Zaiatz, Elena"]
[Black "Romanko, Marina"]
[Result "1/2-1/2"]
[WhiteElo "2362"]
[BlackElo "2466"]
[PlyCount "79"]
[EventDate "2009.04.02"]
[EventType "team"]
[EventRounds "7"]
[EventCountry "RUS"]
[Source "lmi"]
[SourceDate "2009.04.04"]

1. d4 d5 2. c4 c6 3. Nf3 Nf6 4. Nc3 e6 5. Bg5 Nbd7 6. cxd5 exd5 7. e3 Be7 8.
Qc2 O-O 9. Bd3 Re8 10. O-O Nf8 11. Rae1 Ne4 12. Bf4 f5 13. Ne5 Ng6 14. Nxg6
hxg6 15. f3 Nf6 16. h3 Bd6 17. g4 Bxf4 18. exf4 Qb6 19. Qf2 Rxe1 20. Rxe1 Bd7
21. Re5 Rf8 22. Na4 Qc7 23. Nc5 b6 24. Nxd7 Nxd7 25. Re7 Rf7 26. Rxf7 Kxf7 27.
Qe3 fxg4 28. fxg4 c5 29. f5 gxf5 30. Bxf5 Nf6 31. Be6+ Kf8 32. Qe5 Qxe5 33.
dxe5 Ke7 34. exf6+ Kxe6 35. fxg7 Kf7 36. a4 Kxg7 37. Kf2 a6 38. Ke3 b5 39. axb5
axb5 40. b3 1/2-1/2

[Event "10. Rusia tch 2009 femenino"]
[Site "Dagomys RUS"]
[Date "2009.04.07"]
[Round "5.41"]
[White "Iljushina, Olga"]
[Black "Cmilyte, Viktorija"]
[Result "1/2-1/2"]
[WhiteElo "2329"]
[BlackElo "2498"]
[PlyCount "100"]
[EventDate "2009.04.02"]
[EventType "team"]
[EventRounds "7"]
[EventCountry "RUS"]
[Source "lmi"]
[SourceDate "2009.04.04"]

1. d4 Nf6 2. c4 g6 3. g3 Bg7 4. Bg2 d5 5. cxd5 Nxd5 6. Nf3 O-O 7. O-O Nb6 8.
Nc3 Nc6 9. e3 Re8 10. h3 a5 11. d5 Bxc3 12. dxc6 Bf6 13. Qc2 bxc6 14. Rd1 Bd7
15. e4 e5 16. Be3 Qe7 17. Rd2 Red8 18. Rad1 a4 19. g4 Be8 20. Rxd8 Rxd8 21.
Rxd8 Qxd8 22. Bf1 Bg7 23. Qc5 Qf6 24. Be2 h6 25. Kg2 Qe6 26. a3 Bd7 27. Bd2 Qd6
28. Qc1 Kh7 29. Bb4 Qe6 30. Qc5 f5 31. exf5 gxf5 32. Nh4 Qd5+ 33. Qxd5 cxd5 34.
Nxf5 Bxf5 35. gxf5 e4 36. Bb5 Bxb2 37. Bc6 Kg7 38. Bc5 Kf6 39. Bxb6 cxb6 40.
Bxd5 Bxa3 41. Bc6 Kxf5 42. Bxa4 Bd6 43. Bc6 Kf4 44. Bb5 Be7 45. Bc6 h5 46. Bb5
h4 47. Bc6 Ke5 48. Kf1 Kd4 49. Ke2 Bd6 50. Kd2 Bf4+ 1/2-1/2

[Event "10. Rusia tch 2009 femenino"]
[Site "Dagomys RUS"]
[Date "2009.04.07"]
[Round "5.42"]
[White "Zhukova, Natalia"]
[Black "Paehtz, Elisabeth"]
[Result "1/2-1/2"]
[WhiteElo "2461"]
[BlackElo "2459"]
[PlyCount "41"]
[EventDate "2009.04.02"]
[EventType "team"]
[EventRounds "7"]
[EventCountry "RUS"]
[Source "lmi"]
[SourceDate "2009.04.04"]

1. d4 e6 2. Nf3 Nf6 3. c4 d5 4. Nc3 Bb4 5. cxd5 exd5 6. Bg5 O-O 7. e3 c5 8.
dxc5 Bxc3+ 9. bxc3 Be6 10. c4 Nbd7 11. cxd5 Bxd5 12. Qxd5 Nxd5 13. Bxd8 Rfxd8
14. Bc4 Nxc5 15. Ne5 Ne6 16. O-O Rac8 17. e4 Nf6 18. Rab1 b6 19. f3 Nd7 20.
Bxe6 fxe6 21. Nxd7 1/2-1/2

[Event "10. Rusia tch 2009 femenino"]
[Site "Dagomys RUS"]
[Date "2009.04.08"]
[Round "6.14"]
[White "Bodnaruk, Anastasia"]
[Black "Ovod, Evgenija"]
[Result "1/2-1/2"]
[WhiteElo "2373"]
[BlackElo "2440"]
[PlyCount "117"]
[EventDate "2009.04.02"]
[EventType "team"]
[EventRounds "7"]
[EventCountry "RUS"]
[Source "lmi"]
[SourceDate "2009.04.04"]

1. e4 e6 2. d4 d5 3. Nc3 dxe4 4. Nxe4 Nd7 5. Nf3 Ngf6 6. Nxf6+ Nxf6 7. Bd3 c5
8. O-O Qc7 9. c3 a6 10. dxc5 Bxc5 11. Bg5 Bd7 12. Qe2 Bd6 13. c4 Bc6 14. g3
O-O-O 15. Rad1 h6 16. Bd2 Rhe8 17. Bc3 e5 18. Bf5+ Bd7 19. Bxd7+ Rxd7 20. b4
Qc6 21. b5 Qe4 22. Rfe1 Qxe2 23. Rxe2 Bc7 24. Rde1 Rd3 25. Re3 Rxc3 26. Rxc3
Ba5 27. Rcc1 Bxe1 28. Rxe1 e4 29. Nd2 Kc7 30. a4 Kb6 31. Kf1 Kc5 32. Rb1 Re7
33. Ke2 Ne8 34. bxa6 bxa6 35. a5 Re6 36. Rb7 f5 37. Ke3 Rd6 38. Re7 Rd3+ 39.
Ke2 Nd6 40. Rxg7 Kb4 41. Rh7 Kxa5 42. Rxh6 Kb4 43. Rh8 Kc3 44. Nf1 Nxc4 45. h4
a5 46. h5 a4 47. h6 a3 48. Rc8 Rd6 49. Ne3 a2 50. Rxc4+ Kb3 51. Rc1 Rxh6 52.
Nd1 Rc6 53. Ra1 Rd6 54. Nc3 Kxc3 55. Rxa2 Rd5 56. Ra3+ Kd4 57. Rb3 Ke5 58. Ke3
Ra5 59. Rc3 1/2-1/2

[Event "10. Rusia tch 2009 femenino"]
[Site "Dagomys RUS"]
[Date "2009.04.08"]
[Round "6.23"]
[White "Shumiakina, Tatiana"]
[Black "Tarasova, Viktoriya"]
[Result "1/2-1/2"]
[WhiteElo "2333"]
[BlackElo "2292"]
[PlyCount "72"]
[EventDate "2009.04.02"]
[EventType "team"]
[EventRounds "7"]
[EventCountry "RUS"]
[Source "lmi"]
[SourceDate "2009.04.04"]

1. d4 d5 2. Nf3 Nf6 3. c4 c6 4. e3 a6 5. Bd3 Bg4 6. Qb3 Bxf3 7. gxf3 Qc7 8. Nc3
e6 9. Bd2 Nbd7 10. Rc1 dxc4 11. Bxc4 Nb6 12. Be2 Nbd5 13. Ne4 Be7 14. Nc5 Bxc5
15. Rxc5 O-O 16. Rc1 Rfe8 17. Qc2 e5 18. e4 Ne7 19. dxe5 Qxe5 20. Qc3 Qc7 21.
Qa5 Qxa5 22. Bxa5 Ng6 23. Bc3 Nh5 24. Rd1 Rad8 25. Rg1 Nhf4 26. Rxd8 Rxd8 27.
Rg5 Nd3+ 28. Bxd3 Rxd3 29. Rg3 f6 30. Bd2 Kf7 31. Ke2 Rd8 32. f4 Rd4 33. Ke3
Rd7 34. Ke2 Rd4 35. Ke3 Rd7 36. Ke2 Rd4 1/2-1/2

[Event "10. Rusia tch 2009 femenino"]
[Site "Dagomys RUS"]
[Date "2009.04.08"]
[Round "6.31"]
[White "Molchanova, Tatjana"]
[Black "Xu, Yuhua"]
[Result "1/2-1/2"]
[WhiteElo "2321"]
[BlackElo "2479"]
[PlyCount "84"]
[EventDate "2009.04.02"]
[EventType "team"]
[EventRounds "7"]
[EventCountry "RUS"]
[Source "lmi"]
[SourceDate "2009.04.04"]

1. e4 c6 2. d4 d5 3. exd5 cxd5 4. Bd3 Nc6 5. c3 Nf6 6. Bf4 Bg4 7. Qb3 Qc8 8.
Nd2 e6 9. Ngf3 Be7 10. Ne5 Bh5 11. O-O O-O 12. Qc2 Bg6 13. Nxg6 fxg6 14. Rae1
Nh5 15. Bg3 Nxg3 16. hxg3 Bf6 17. Nf3 a6 18. Re3 Qd7 19. Rfe1 Rae8 20. Qe2 Kf7
21. g4 Rh8 22. a4 g5 23. b4 g6 24. b5 axb5 25. axb5 Nd8 26. Ne5+ Bxe5 27. Rxe5
Kg7 28. Qe3 Rhf8 29. c4 dxc4 30. Bxc4 Rf4 31. Bxe6 Qxd4 32. Bd5 Rxe5 33. Qxe5+
Qxe5 34. Rxe5 Rd4 35. Bf3 Kf6 36. Rc5 Rd7 37. b6 Ne6 38. Rc8 Rd6 39. Bxb7 Rxb6
40. Bd5 Rd6 41. Bxe6 Rxe6 42. Kh2 h5 1/2-1/2

[Event "10. Rusia tch 2009 femenino"]
[Site "Dagomys RUS"]
[Date "2009.04.08"]
[Round "6.34"]
[White "Shadrina, Tatiana"]
[Black "Ivkina, Olga"]
[Result "0-1"]
[WhiteElo "2431"]
[BlackElo "2275"]
[PlyCount "42"]
[EventDate "2009.04.02"]
[EventType "team"]
[EventRounds "7"]
[EventCountry "RUS"]
[Source "lmi"]
[SourceDate "2009.04.04"]

1. e4 e6 2. d4 d5 3. Nc3 Bb4 4. e5 c5 5. Bd2 Ne7 6. a3 Ba5 7. dxc5 Ng6 8. b4
Bc7 9. f4 f6 10. exf6 Qxf6 11. g3 Bxf4 12. gxf4 Qh4+ 13. Ke2 e5 14. Bg2 O-O 15.
Nxd5 Nc6 16. Kd3 Qf2 17. Qf3 Bf5+ 18. Kc3 Qd4+ 19. Kb3 Qxd2 20. Nf6+ Kh8 21.
Ne4 Nd4+ 0-1

[Event "10. Rusia tch 2009 femenino"]
[Site "Dagomys RUS"]
[Date "2009.04.08"]
[Round "6.41"]
[White "Zhao, Xue"]
[Black "Kovalevskaya, Ekaterina"]
[Result "1-0"]
[WhiteElo "2531"]
[BlackElo "2450"]
[PlyCount "163"]
[EventDate "2009.04.02"]
[EventType "team"]
[EventRounds "7"]
[EventCountry "RUS"]
[Source "lmi"]
[SourceDate "2009.04.04"]

1. d4 Nf6 2. c4 e6 3. Nf3 Bb4+ 4. Nbd2 O-O 5. a3 Be7 6. e3 d5 7. Bd3 b6 8. O-O
Bb7 9. b3 c5 10. Bb2 Nc6 11. Rc1 Rc8 12. Re1 Nd7 13. cxd5 exd5 14. dxc5 bxc5
15. Qc2 g6 16. e4 Nd4 17. Nxd4 cxd4 18. Qb1 Rxc1 19. Rxc1 Nc5 20. e5 Ne6 21.
Nf3 Qb6 22. b4 Rc8 23. h4 Rxc1+ 24. Qxc1 Bc6 25. Qd2 a6 26. g3 Bf8 27. Bf1 Bg7
28. Nxd4 Bxe5 29. Nxc6 Bxb2 30. Ne7+ Kf8 31. Nxd5 Qd4 32. Qxd4 Nxd4 33. a4 a5
34. b5 Ne6 35. b6 Ke8 36. b7 Be5 37. Nb6 Bb8 38. Nc4 Kd8 39. Nxa5 Kc7 40. Bb5
Nd8 41. Kg2 Kb6 42. Nc4+ Kc5 43. Nd2 h6 44. Be8 Kd6 45. a5 Ke7 46. Bb5 Nxb7 47.
a6 Nd6 48. Bd3 Ke6 49. Kf3 Kd5 50. Ke2 Ba7 51. f4 Ke6 52. Nf3 Bb6 53. Nh2 f5
54. Nf3 Bc5 55. Nd2 Ba7 56. Nb3 Kd5 57. Kf3 Nc8 58. h5 gxh5 59. Bxf5 Ne7 60.
Bd3 Ke6 61. Be4 Kd6 62. Nc1 Kc5 63. Ne2 Ng8 64. Nc3 Nf6 65. Bd3 Bb8 66. Be2 Kb6
67. Nd1 Bd6 68. Ne3 Bc5 69. Nf5 Bf8 70. Bc4 Ka7 71. Ke3 Kb6 72. Kd4 Bc5+ 73.
Ke5 Ng4+ 74. Ke6 Bf2 75. Be2 Ne3 76. Nxe3 Bxe3 77. f5 Bc5 78. f6 h4 79. gxh4
Kc7 80. f7 Ba3 81. h5 Bb4 82. Kf6 1-0

[Event "10. Rusia tch 2009 femenino"]
[Site "Dagomys RUS"]
[Date "2009.04.08"]
[Round "6.44"]
[White "Girya, Olga"]
[Black "Kursova, Maria"]
[Result "1/2-1/2"]
[WhiteElo "2335"]
[BlackElo "2285"]
[PlyCount "130"]
[EventDate "2009.04.02"]
[EventType "team"]
[EventRounds "7"]
[EventCountry "RUS"]
[Source "lmi"]
[SourceDate "2009.04.04"]

1. c4 c5 2. Nf3 Nc6 3. d4 cxd4 4. Nxd4 e6 5. Nc3 Nf6 6. g3 Qb6 7. Nb3 Ne5 8. e4
d6 9. f4 Ned7 10. Qe2 a6 11. Be3 Qc7 12. Bg2 Be7 13. O-O O-O 14. g4 Rd8 15. g5
Ne8 16. Nd4 Bf8 17. Rac1 g6 18. f5 Ne5 19. b3 Ng7 20. Rf2 Rb8 21. Bh3 Bd7 22.
a4 b6 23. Bg2 Rbc8 24. f6 Nh5 25. Qd1 Qb7 26. h3 Rb8 27. Rd2 Qa8 28. Nf3 Bc6
29. Qe1 Rdc8 30. Qf2 Qb7 31. Nd4 Be8 32. Rcd1 Rc7 33. Bf1 Nc6 34. Nxc6 Bxc6 35.
Bg2 b5 36. axb5 axb5 37. cxb5 Bxb5 38. e5 d5 39. Nxb5 Qxb5 40. Rd3 Rbc8 41. Bd4
Rc2 42. Qe3 Ra2 43. R3d2 Rxd2 44. Rxd2 Rc1+ 45. Kh2 Rb1 46. Bb2 h6 47. Rc2 hxg5
48. h4 Nf4 49. hxg5 Nxg2 50. Rxg2 Qf1 51. Kg3 Bb4 52. Rc2 Rd1 53. Rc1 Qd3 54.
Rc8+ Kh7 55. Qxd3 Rxd3+ 56. Kg4 Rxb3 57. Bd4 Ba3 58. Bf2 Rb7 59. Bc5 Bxc5 60.
Rxc5 Rb8 61. Kf4 Kg8 62. Ke3 Kf8 63. Rc2 Ke8 64. Rc7 Rb3+ 65. Kd4 Rb8 1/2-1/2

[Event "10. Rusia tch 2009 femenino"]
[Site "Dagomys RUS"]
[Date "2009.04.09"]
[Round "7.13"]
[White "Gaponenko, Inna"]
[Black "Kosintseva, Nadezhda"]
[Result "1/2-1/2"]
[WhiteElo "2428"]
[BlackElo "2491"]
[PlyCount "99"]
[EventDate "2009.04.02"]
[EventType "team"]
[EventRounds "7"]
[EventCountry "RUS"]
[Source "lmi"]
[SourceDate "2009.04.04"]

1. e4 e5 2. Nf3 Nc6 3. Bb5 a6 4. Ba4 Nf6 5. O-O Be7 6. Re1 b5 7. Bb3 O-O 8. c3
d6 9. h3 a5 10. a4 b4 11. d4 bxc3 12. Nxc3 Nxd4 13. Nxd4 exd4 14. Qxd4 Rb8 15.
Bc4 c6 16. Rb1 Nd7 17. Bf4 Qb6 18. Ne2 c5 19. Qd3 Ne5 20. Bxe5 dxe5 21. Nc3 Bb7
22. Nd5 Bxd5 23. Bxd5 Qf6 24. Re3 Rb4 25. Rf3 Qd6 26. b3 g6 27. Bc4 Kg7 28.
Qxd6 Bxd6 29. Rd1 Rb6 30. Rfd3 Rd8 31. f4 f6 32. fxe5 fxe5 33. Rd5 h5 34. g4
hxg4 35. hxg4 Kf6 36. Rf1+ Kg5 37. Kg2 Rh8 38. Rfd1 Bb8 39. Rxc5 Rh4 40. Be2
Rxb3 41. Rb5 Rxb5 42. axb5 Rh7 43. b6 a4 44. Bc4 a3 45. Kg3 Rb7 46. Rb1 Bd6 47.
Bd5 a2 48. Bxa2 Bc5 49. Bd5 Rxb6 50. Rxb6 1/2-1/2

[Event "10. Rusia tch 2009 femenino"]
[Site "Dagomys RUS"]
[Date "2009.04.09"]
[Round "7.23"]
[White "Shadrina, Tatiana"]
[Black "Kovanova, Baira"]
[Result "1/2-1/2"]
[WhiteElo "2431"]
[BlackElo "2398"]
[PlyCount "23"]
[EventDate "2009.04.02"]
[EventType "team"]
[EventRounds "7"]
[EventCountry "RUS"]
[Source "lmi"]
[SourceDate "2009.04.04"]

1. e4 e5 2. Nf3 Nc6 3. d4 exd4 4. Nxd4 Nf6 5. Nc3 Bb4 6. Nxc6 bxc6 7. Bd3 d5 8.
exd5 cxd5 9. O-O O-O 10. Bg5 c6 11. Qf3 h6 12. Bxf6 1/2-1/2